| Tag |
First Indicator |
Second Indicator |
Subfields |
| LEADER |
00000cam a2200000 i 4500 |
| 001 |
in00004408621 |
| 006 |
m do | | |
| 007 |
cr ||||||||||| |
| 008 |
200605s2020 lau ob 001 0 eng |
| 005 |
20250816223551.7 |
| 010 |
|
|
|a 2020014683
|
| 020 |
|
|
|a 9780807174654
|q electronic book
|
| 020 |
|
|
|a 0807174653
|q electronic book
|
| 020 |
|
|
|a 9780807174647
|q electronic book
|
| 020 |
|
|
|a 0807174645
|q electronic book
|
| 020 |
|
|
|z 9780807173947
|q hardcover
|
| 024 |
8 |
|
|a 40030282298
|
| 035 |
|
|
|a (DLC)ebc6175156
|
| 040 |
|
|
|a NhCcYBP
|c NhCcYBP
|d UtOrBLW
|
| 042 |
|
|
|a pcc
|
| 043 |
|
|
|a nwcu---
|a e-sp---
|
| 050 |
|
4 |
|a HT1079.H38
|b J36 2020
|
| 082 |
0 |
0 |
|a 306.3/6309729124
|2 23
|
| 100 |
1 |
|
|a Jennings, Evelyn P.,
|e author.
|0 http://id.loc.gov/authorities/names/n2015050293
|
| 245 |
1 |
0 |
|a Constructing the Spanish Empire in Havana :
|b state slavery in defense and development, 1762-1835 /
|c Evelyn P. Jennings.
|
| 264 |
|
1 |
|a Baton Rouge :
|b Louisiana State University Press,
|c [2020]
|
| 300 |
|
|
|a 1 online resource.
|
| 336 |
|
|
|a text
|b txt
|2 rdacontent
|
| 337 |
|
|
|a computer
|b c
|2 rdamedia
|
| 338 |
|
|
|a online resource
|b cr
|2 rdacarrier
|
| 504 |
|
|
|a Includes bibliographical references and index.
|
| 505 |
0 |
|
|a Slavery and the state : precedents in Spain and Cuba to 1700 -- War, regeneration, and the limits of reform under the early Bourbons, 1700-1762 -- Fortifying Havana, 1763-1790 -- Slaves in the military, 1763-1800 -- Keeping the peace : civil construction and forced labor in Havana, 1771-1835.
|
| 588 |
|
|
|a Description based on online resource; title from digital title page (viewed on December 30, 2020).
|
| 500 |
|
|
|a Electronic resource.
|
| 650 |
|
0 |
|a Slavery
|z Cuba
|z Havana
|x History.
|
| 650 |
|
0 |
|a Forced labor
|z Cuba
|z Havana
|x History.
|
| 650 |
|
0 |
|a Plantations
|z Cuba
|z Havana
|x History.
|
| 650 |
|
0 |
|a Public works
|z Cuba
|z Havana
|x History.
|
| 650 |
|
0 |
|a Slave trade
|z Spain
|x History.
|
| 651 |
|
0 |
|a Havana (Cuba)
|x Economic conditions.
|
| 651 |
|
0 |
|a Spain
|x Colonies
|z America
|x Administration.
|
| 655 |
|
7 |
|a Electronic books.
|2 local
|
| 710 |
2 |
|
|a ProQuest (Firm)
|0 http://id.loc.gov/authorities/names/n2007068018
|
| 776 |
1 |
8 |
|i Print version:
|a Jennings, Evelyn P..
|t Constructing the Spanish Empire in Havana
|d Baton Rouge : Louisiana State University Press, [2020]
|z 9780807173947
|w (DLC) 2020014682
|
| 856 |
4 |
0 |
|u https://ebookcentral.proquest.com/lib/tamucs/detail.action?docID=6175156
|z Connect to the full text of this electronic book
|t 0
|
| 945 |
|
|
|b 725239
|
| 955 |
|
|
|a YBP purchased approval e-records
|
| 980 |
|
|
|b 90.00
|g 1
|
| 987 |
|
|
|a ybp17160337
|
| 999 |
f |
f |
|s 320148de-fa4b-3cd5-854c-3fad0382c534
|i 202f6010-5e56-3e40-a368-66ad775be9c9
|t 0
|
| 952 |
f |
f |
|a Texas A&M University
|b College Station
|c Electronic Resources
|d Available Online
|t 0
|e HT1079.H38 J36 2020
|h Library of Congress classification
|
| 998 |
f |
f |
|a HT1079.H38 J36 2020
|t 0
|l Available Online
|